Statystyki dla Przedstawiciele antyku (wybrani)

Kliknij tutaj aby rozwiązać quiz!

Ogólne statystyki

  • Ten quiz został rozwiązany 56 razy
  • Średni wynik to 8 z 22

Statystyki odpowiedzi

HintOdpowiedź% Poprawnych
Tragik greckiSofokles
90%
FilozofArystoteles
80%
EpikHomer
80%
Filozof
Platon
78%
FilozofSokrates
78%
PoetaHoracy
66%
FilozofPitagoras
41%
LirykSafona
39%
Autor sielanekWergiliusz
34%
Twórca komediiArystofanes
32%
Tragik greckiEurypides
29%
Tragik greckiAjschylos
24%
Cesarz rzymski
poeta, filozof
Marek Aureliusz
22%
FilozofTales z Miletu
22%
FilozofArchimedes
20%
Poeta, elegikOwidiusz
17%
LirykTyrtajos / Tyrteusz
17%
LirykEzop / Ezop z Frygi
12%
LirykAnakreont
5%
PoetaKatullus
2%
LirykSimonides
2%
FilozofLukrecjusz
0%

Rozkład punktacji

Percentyl według liczby udzielonych odpowiedzi

Procent ludzi z każdym wynikiem

Twoja historia wyników

Nie rozwiązałeś tego quizu